[Event "Asia-ch Blitz U20"]
[Site "Jamshedpur"]
[Date "2023.09.15"]
[Round "1"]
[White "Arun, Kataria"]
[Black "Grebnev, Aleksey"]
[Result "1/2-1/2"]
[WhiteElo "1851"]
[BlackElo "2400"]
[PlyCount "106"]
[EventDate "2023.09.15"]
[EventType "swiss (blitz)"]
[EventRounds "9"]
[EventCountry "IND"]
[SourceTitle "EXT 2024"]
[Source "ChessBase"]
[SourceDate "2023.10.10"]
[SourceVersion "1"]
[SourceVersionDate "2023.10.10"]
[SourceQuality "1"]

1. e4 c5 2. Nf3 Nc6 3. d4 cxd4 4. Nxd4 g6 5. c4 Nf6 6. Nc3 d6 7. f3 Nxd4 8. Qxd4 Bg7 9. Be3 0-0 10. Qd2 Be6 11. Be2 a6 12. Rc1 Qa5 13. b3 Rfc8 14. Nd5 Qxd2+ 15. Kxd2 Bxd5 16. cxd5 Kf8 17. h4 h5 18. Rxc8+ Rxc8 19. Rc1 Rxc1 20. Kxc1 Nd7 21. Kc2 Be5 22. f4 Ba1 23. g4 hxg4 24. Bxg4 Ke8 25. Kd3 Bb2 26. Bf3 Nf6 27. Bd4 Bc1 28. Bxf6 exf6 29. f5 Kf8 30. Ke2 Kg7 31. Kf2 Kh6 32. Kg3 b5 33. Be2 Bd2 34. a4 bxa4 35. bxa4 a5 36. Bb5 g5 37. Kg4 Be1 38. h5 Kg7 39. Kf3 Bb4 40. Kg4 Bc5 41. Kf3 Bb6 42. Kg4 Kh6 43. Be8 Kg7 44. Bb5 Kg8 45. Kf3 Bd8 46. Kg4 Be7 47. Kf3 Kg7 48. Kg4 Kh7 49. Be8 Kg7 50. Bb5 Kg8 51. Kf3 Bf8 52. Kg4 Be7 53. Kf3 Kg7 1/2-1/2

[Event "Asia-ch Blitz U20"]
[Site "Jamshedpur"]
[Date "2023.09.15"]
[Round "3"]
[White "Arun, Kataria"]
[Black "Panda, Sambit"]
[Result "0-1"]
[WhiteElo "1851"]
[BlackElo "2250"]
[PlyCount "100"]
[EventDate "2023.09.15"]
[EventType "swiss (blitz)"]
[EventRounds "9"]
[EventCountry "IND"]
[SourceTitle "EXT 2024"]
[Source "ChessBase"]
[SourceDate "2023.10.10"]
[SourceVersion "1"]
[SourceVersionDate "2023.10.10"]
[SourceQuality "1"]

1. e4 c6 2. d4 d5 3. exd5 cxd5 4. Nf3 Nc6 5. Bd3 Bg4 6. c3 e6 7. 0-0 Bd6 8. Re1 Qc7 9. h3 Bh5 10. Be3 Nf6 11. Nbd2 Bg6 12. Bxg6 hxg6 13. Qc2 Rc8 14. Rac1 b5 15. Qd3 Qb8 16. Bg5 0-0 17. Re2 b4 18. c4 dxc4 19. Nxc4 Bf4 20. Bxf4 Qxf4 21. Rec2 Rcd8 22. Qe3 Nd5 23. Qxf4 Nxf4 24. Rd1 Ne7 25. Ne3 Rd6 26. Rc4 a5 27. Kh2 Rfd8 28. g3 Nfd5 29. Rc5 a4 30. Nc4 Rc6 31. Nce5 Rcc8 32. Rdc1 f6 33. Nd3 Kf7 34. Kg2 Rxc5 35. Rxc5 Nc8 36. Nd2 Ncb6 37. Nc4 Nxc4 38. Rxc4 Rb8 39. Kf3 Ke7 40. Ke4 Kd6 41. Nc5 a3 42. bxa3 bxa3 43. Rc2 Rb2 44. Rc1 Rxa2 45. Kf3 Rb2 46. Ne4+ Ke7 47. Kg2 a2 48. Ra1 Nb4 49. Nc3 Kd6 50. Re1 Nc2 0-1

[Event "Asia-ch U20"]
[Site "Jamshedpur"]
[Date "2023.09.12"]
[Round "5"]
[White "Arun, Kataria"]
[Black "Siddhant, Nath Jha"]
[Result "1-0"]
[WhiteElo "2170"]
[BlackElo "1443"]
[PlyCount "59"]
[EventDate "2023.09.09"]
[EventType "swiss"]
[EventRounds "9"]
[EventCountry "IND"]
[SourceTitle "EXT 2024"]
[Source "ChessBase"]
[SourceDate "2023.10.10"]
[SourceVersion "1"]
[SourceVersionDate "2023.10.10"]
[SourceQuality "1"]

1. e4 c5 2. Nf3 e6 3. d4 cxd4 4. Nxd4 a6 5. Bd3 b5 6. a4 b4 7. 0-0 Bb7 8. Nd2 Nf6 9. e5 Nd5 10. Nc4 d6 11. exd6 Bxd6 12. Nxd6+ Qxd6 13. Re1 0-0 14. Nb3 Qc7 15. Qh5 Nf6 16. Qh4 Nbd7 17. Qxb4 Bd5 18. Qf4 e5 19. Qg3 Rfc8 20. Bh6 g6 21. Nd2 Qb7 22. b3 e4 23. Bc4 Bc6 24. Rad1 Re8 25. Bf1 Ne5 26. Nc4 Nxc4 27. Bxc4 Rac8 28. Qc3 Qe7 29. Bg5 Nd5 30. Rxd5 1-0

[Event "Asia-ch Rapid U20"]
[Site "Jamshedpur"]
[Date "2023.09.08"]
[Round "2"]
[White "Abdilkhair, Abilmansur"]
[Black "Arun, Kataria"]
[Result "1-0"]
[WhiteElo "2188"]
[BlackElo "1866"]
[PlyCount "45"]
[EventDate "2023.09.08"]
[EventType "swiss (rapid)"]
[EventRounds "9"]
[EventCountry "IND"]
[SourceTitle "EXT 2024"]
[Source "ChessBase"]
[SourceDate "2023.10.10"]
[SourceVersion "1"]
[SourceVersionDate "2023.10.10"]
[SourceQuality "1"]

1. e4 c5 2. Nf3 d6 3. d4 cxd4 4. Nxd4 Nf6 5. Nc3 a6 6. Be3 e5 7. Nf3 Be6 8. Ng5 Be7 9. Nxe6 fxe6 10. Bc4 Qd7 11. Qf3 Nc6 12. Qh3 Nd8 13. Bb3 0-0 14. 0-0-0 b5 15. Bb6 Re8 16. f4 b4 17. Na4 Nxe4 18. Rhe1 Qb7 19. Bxd8 Bxd8 20. Bxe6+ Rxe6 21. Qxe6+ Kf8 22. fxe5 Qf7 23. Qxf7+ 1-0

[Event "Asia-ch Rapid U20"]
[Site "Jamshedpur"]
[Date "2023.09.08"]
[Round "6"]
[White "Ankit, Ray"]
[Black "Arun, Kataria"]
[Result "1/2-1/2"]
[WhiteElo "1578"]
[BlackElo "1866"]
[PlyCount "67"]
[EventDate "2023.09.08"]
[EventType "swiss (rapid)"]
[EventRounds "9"]
[EventCountry "IND"]
[SourceTitle "EXT 2024"]
[Source "ChessBase"]
[SourceDate "2023.10.10"]
[SourceVersion "1"]
[SourceVersionDate "2023.10.10"]
[SourceQuality "1"]

1. Nf3 d5 2. g3 Nf6 3. Bg2 Bf5 4. 0-0 e6 5. d3 Be7 6. c4 0-0 7. Nc3 h6 8. Qb3 Nbd7 9. cxd5 Nc5 10. Qc2 exd5 11. Nd4 Bh7 12. Bf4 c6 13. Rad1 Qb6 14. e4 dxe4 15. dxe4 Rad8 16. Nf5 Bxf5 17. exf5 Rfe8 18. h3 Bf8 19. Be3 Qa5 20. a3 Ncd7 21. Rfe1 Ne5 22. Bf4 Nc4 23. Bf1 Nb6 24. Rxe8 Rxe8 25. Bc7 Rc8 26. Bxb6 Qxb6 27. Bc4 Rd8 28. Rxd8 Qxd8 29. Qd3 Qxd3 30. Bxd3 Bc5 31. Ne4 Bd4 32. Nxf6+ Bxf6 33. b3 Kf8 34. a4 1/2-1/2

[Event "Thailand op"]
[Site "Chiangmai"]
[Date "2023.06.29"]
[Round "3"]
[White "Nguyen, Quoc Hy"]
[Black "Arun, Kataria"]
[Result "1-0"]
[WhiteElo "2337"]
[BlackElo "1924"]
[PlyCount "64"]
[EventDate "2023.06.28"]
[EventType "swiss"]
[EventRounds "9"]
[EventCountry "THA"]
[SourceTitle "CBM 215 Extra"]
[Source "ChessBase"]
[SourceDate "2023.09.30"]
[SourceVersion "1"]
[SourceVersionDate "2023.09.30"]
[SourceQuality "1"]

1. d4 d5 2. c4 dxc4 3. Nf3 Nf6 4. e3 e6 5. Bxc4 c5 6. 0-0 a6 7. Qe2 Nbd7 8. e4 b5 9. Bb3 Bb7 10. d5 c4 11. Bc2 Qe7 12. Nc3 exd5 13. e5 d4 14. exf6 Qxe2 15. Nxe2 d3 16. Nf4 Bxf3 17. Re1+ Kd8 18. Bxd3 cxd3 19. gxf3 Nxf6 20. Nxd3 Bd6 21. a4 b4 22. Bd2 a5 23. Ne5 Bxe5 24. Rxe5 Re8 25. Rg5 Ke7 26. Rxa5 Rab8 27. Bf4 Rbd8 28. Rb5 Kf8 29. a5 Nd5 30. Bg3 g5 31. a6 f5 32. Rd1 f4 1-0

[Event "IND-ch 59th"]
[Site "New Delhi"]
[Date "2023.01.01"]
[Round "11"]
[White "Raahul, VS."]
[Black "Arun, Kataria"]
[Result "1-0"]
[WhiteElo "2325"]
[BlackElo "1913"]
[PlyCount "87"]
[EventDate "2022.12.22"]
[EventType "swiss"]
[EventRounds "13"]
[EventCountry "IND"]
[SourceTitle "CBM 211 Extra"]
[Source "ChessBase"]
[SourceDate "2023.01.31"]
[SourceVersion "1"]
[SourceVersionDate "2023.01.31"]
[SourceQuality "1"]

1. c4 e5 2. Nc3 Nf6 3. Nf3 Nc6 4. e3 Bb4 5. Qc2 0-0 6. Nd5 Re8 7. Qf5 d6 8. Nxf6+ Qxf6 9. Qxf6 gxf6 10. a3 Ba5 11. b4 Bb6 12. Bb2 a5 13. b5 Ne7 14. 0-0-0 a4 15. d4 Be6 16. Nd2 Kg7 17. c5 dxc5 18. dxe5 fxe5 19. Bxe5+ f6 20. Bb2 Rad8 21. Be2 Bd5 22. Bf3 Bxf3 23. gxf3 Nd5 24. Ne4 Kf7 25. Rxd5 Rxd5 26. Nxf6 Red8 27. Nxd5 Rxd5 28. Rg1 Rh5 29. Rg2 c4 30. f4 Rxb5 31. Rg7+ Ke8 32. Rxh7 Ba5 33. Kc2 c3 34. Bc1 Rc5 35. e4 Rc4 36. f3 b5 37. f5 b4 38. f6 b3+ 39. Kd3 b2 40. f7+ Ke7 41. Bg5+ Ke6 42. Kxc4 b1Q 43. f8N+ Ke5 44. Re7+ 1-0

[Event "Bikaner op 1st"]
[Site "Bikaner"]
[Date "2022.10.01"]
[Round "1"]
[White "Tahbaz, Arash"]
[Black "Arun, Kataria"]
[Result "1-0"]
[WhiteElo "2438"]
[BlackElo "1951"]
[PlyCount "79"]
[EventDate "2022.10.01"]
[EventType "swiss"]
[EventRounds "10"]
[EventCountry "IND"]
[SourceTitle "CBM 210 Extra"]
[Source "ChessBase"]
[SourceDate "2022.11.30"]
[SourceVersion "1"]
[SourceVersionDate "2022.11.30"]
[SourceQuality "1"]

1. Nf3 Nf6 2. g3 g6 3. Bg2 Bg7 4. 0-0 0-0 5. d3 d6 6. c4 Nbd7 7. Nc3 c6 8. Rb1 e5 9. b4 Ne8 10. b5 Nc5 11. Nd2 Bd7 12. Ba3 Qc8 13. bxc6 Bxc6 14. Bxc6 Qxc6 15. Nd5 Kh8 16. Bxc5 dxc5 17. Ne4 f5 18. Nec3 Nd6 19. Nb5 Nf7 20. Rb3 f4 21. Nbc3 Ng5 22. Ne4 Ne6 23. e3 Qd7 24. Qg4 Rf5 25. Rfb1 b6 26. Qh4 fxe3 27. fxe3 g5 28. Qh5 Raf8 29. R3b2 g4 30. Qxg4 Nd4 31. Rf2 Qa4 32. exd4 Rxf2 33. Nxf2 e4 34. Nxe4 Qc2 35. Qd1 Bxd4+ 36. Kh1 Qxa2 37. Ndc3 Qa6 38. Qe2 Qb7 39. Nd5 Qf7 40. Kg2 1-0

[Event "IND-ch U19"]
[Site "Pune"]
[Date "2022.07.17"]
[Round "8"]
[White "Arun, Kataria"]
[Black "Srihari, Lakshmi"]
[Result "0-1"]
[WhiteElo "1941"]
[BlackElo "2286"]
[PlyCount "78"]
[EventDate "2022.07.12"]
[EventType "swiss"]
[EventRounds "11"]
[EventCountry "IND"]
[SourceTitle "EXT 2023"]
[Source "ChessBase"]
[SourceDate "2022.10.05"]
[SourceVersion "1"]
[SourceVersionDate "2022.10.05"]
[SourceQuality "1"]

1. e4 c5 2. Nf3 d6 3. d4 cxd4 4. Nxd4 Nf6 5. Nc3 g6 6. Be3 Bg7 7. f3 0-0 8. Qd2 Nc6 9. 0-0-0 Bd7 10. g4 Qa5 11. h4 Rfc8 12. Kb1 Ne5 13. h5 Nc4 14. Bxc4 Rxc4 15. hxg6 fxg6 16. Nb3 Qe5 17. Bd4 Qe6 18. Rh2 a5 19. Be3 a4 20. Nd4 Qf7 21. Rdh1 Rac8 22. Nde2 Be6 23. Bh6 Bh8 24. Bg5 a3 25. Bxf6 Bxf6 26. g5 Bxc3 27. bxc3 h5 28. gxh6 Kh7 29. Rg1 R4c5 30. Rhg2 Rg8 31. f4 Rb5+ 32. Ka1 Rb2 33. f5 Bxf5 34. Nc1 Bxe4 35. Rf2 Bf5 36. Re1 Qf6 37. Rfe2 e6 38. Rf2 Rc8 39. Re3 Bxc2 0-1